header

Improving the seismic performance of existing buildings and other structures (Record no. 216738)

MARC details
000 -LEADER
fixed length control field 01755nam a2200325 a 4500
245 10 - TITLE STATEMENT
Title Improving the seismic performance of existing buildings and other structures
260 ## - PUBLICATION, DISTRIBUTION, ETC. (IMPRINT)
Place of publication Reston, Va. :
Name of publisher American Society of Civil Engineers,
Year of publication 2010.
300 ## - PHYSICAL DESCRIPTION
Number of Pages 1459 p. :
Other physical details ill. (some col.), col. maps.
650 #0 - SUBJECT ADDED ENTRY--TOPICAL TERM
Topical Term Earthquake engineering
Topical Term Earthquake resistant design
700 1# - ADDED ENTRY--PERSONAL NAME
Personal name Goodno, Barry.
856 40 - ELECTRONIC LOCATION AND ACCESS
Uniform Resource Identifier http://site.ebrary.com/lib/rucke/Doc?id=10475960

No items available.

© 2026 Rongo University
Contact us: librarian | system librarian | Rongo university